chronically online - Statistics

General Stats
  • This quiz has been taken 37 times
  • The average score is 7 of 27
Answer Stats
Hint Answer % Correct
1, 2, 1, 2, 3... release them
61%
beefing with my chick while... I'm in jail
54%
what does lily from modern family hate vietnam
54%
I'm bout to eat this... chick fil a
46%
I wish I could get a... free bag of chips
46%
what does Elijah wood not wear wigs
46%
a bee from a movie asks this you like jazz
43%
what animal shows up at the griffin's doorstep horse
39%
biggest mistake said wrong biggest beef steak
36%
santa claus is coming to town... do not come to my town
32%
mew!, in deep voice: I told you we needed more glitter
29%
guy saying the name of a vegetable pumpkin
29%
a girl says this to another after she says she aborted twins double homicide
25%
devilish creature liked by kids labubu
25%
proper name, place name,... backstory stuff
21%
a man crying says this my Shayla
21%
what's up... YouTube
21%
what does cam from modern family want to do dance at the ballet
18%
tu.. tuvelo?... period!
18%
the same girl thinks she's pregnant because she craves this water
18%
a fat girl says this to another try being my size Amy
14%
what's the best kind of firework to buy? would'nt you like to know weather boy
14%
that's a child!... and that's an ugly prickly b
7%
Jamaican accent non existent word balegdeh
7%
she's light as a feather bake o lite girl
4%
mort says this while being transported oh yay I'm a sacrifice
4%
British man says that after putting whisk in his mouth to taste perfect
4%
No matching quizzes found
Score Distribution
Percent of People with Each Score
Percentile by Number Answered
Your Score History
You have not taken this quiz